000 00466nam a2200181Ia 4500
008 100917s9999 xx 000 0 und d
082 _b60916
100 _aदेशमुख वसंत
245 _aअंतू
260 _bपरचुरे प्रकाशन
_c1979
300 _a248
365 _b30
520 _aकादंबरी
630 _aअंतू
650 _aकादंबरी
730 _aअंतू
942 _cBOOK
999 _c666310
_d666307